El hombre que se volvió loco leyendo " El Quijote "

Na minha lista:
Detalhes bibliográficos
Autor principal: García Jiménez, Salvador
Formato: Livro
Idioma:Undetermined
Publicado em: Barcelona, España Editorial Ariel 1996
Assuntos:
Tags: Adicionar Tag
Sem tags, seja o primeiro a adicionar uma tag!

MARC

LEADER 00000nam a2200000Ia 4500
008 170316s9999 xx 000 0 und d
040 |a cru BVZT 
090 |a 862 G-12.1h 
100 |a García Jiménez, Salvador 
245 |a El hombre que se volvió loco leyendo " El Quijote " 
260 |a Barcelona, España 
260 |b Editorial Ariel 
260 |c 1996 
300 |a 191 páginas 
650 |a LITERATURA ESPAÑOLA 
650 |a ENSAYOS 
650 |a PEDAGOGÍA DE LA ENSEÑANZA DE LA LITERATURA 
999 |c 9865  |d 9865 
942 |c 15 D  |h 862 G-12.1h  |2 z